LEADER 02050nam0 2200361 4500 001 000037943 005 20250429205721.0 010 $a978-88-917-8829-0$be-book pdf 100 $a20250429d2022----km-y0itay50------ba 101 0 $aita 102 $aIT 105 $ay-------001yy 106 $as 135 $adoug----uuuuu 200 1 $aFattori meridiani$brisorsa elettronica$egruppi di acquisto solidale e rappresentazioni del consumo e della ruralità$fFrancesca Ursula Bitetto 210 $aMilano$cAngeli$d2022 215 $a106 p.$d23 cm$c1 testo elettronico 225 2 $aSociologia$v804 230 $aDati testuali (1 file) 300 $aModalità di accesso: World Wide Web 327 1 $aIndice del libro free access:$uhttp://digital.casalini.it/9788835151272 330 $aIl consumo critico restituisce centralità al consumatore, che utilizza il proprio potere di spesa per sostenere o boicottare i soggetti che rispettano o sfruttano i lavoratori, i territori, le colture, modificando il campo in cui la partita del consumo si gioca, individualmente o collettivamente. Frutto della ricerca “Rinnovare le culture del consumo per il benessere psicofisico-economico”, partita dai gruppi di acquisto solidale in terra di Bari e in Puglia, questo volume racconta alcune realtà non adeguatamente conosciute per fornire un orizzonte di azione condivisa e ricostruzione della solidarietà. [Testo dell'editore] 410 0$12001$aSociologia$v804 500 10$aFattori meridiani$94309091 610 1 $aG.A.S. $aPuglia 676 $a381.32$v23$9Politica commerciale. Movimenti dei consumatori 700 1$aBitetto,$bFrancesca Ursula$4070$0320994 801 0$aIT$bUNIPARTHENOPE$c20250429$gRICA$2UNIMARC 856 4 $uhttp://digital.casalini.it/9788835151272$zAccesso limitato alla rete di Ateneo Università di Napoli "Parthenope"$eData ultima consultazione: 2025-04-29 912 $a000037943 951 $aE-BOOK$b49891$cNAVA1$d2025 996 $aFattori meridiani$94309091 997 $aUNIPARTHENOPE